000 00699nas a2200253 4500
001 BR0706036
003 BR-BrBNA
005 20231205111225.0
007 ta
008 230509b bl.|||p| |||| 00| 00por d
040 _aBR-BrBNA
_bpor
_cBiblioteca Nacional de Agricultura
041 _a(Pt)
072 _aL73
100 1 _aAndrade, S.F.
100 1 _aSakate, M.
245 1 _aIntoxicação por amitraz
650 _aDOENÇA ANIMAL
650 _aINTOXICAÇÃO
650 _aACARICIDA
650 _aCARRAPATICIDA
773 0 _tVeterinária Notícias (Brazil)
_xISSN 0104-3463
_g(2004), v. 10(1) p. 101-109
_wBR0706036
909 _a202311
_bLúcia
_c55
_dLúcia Elande
942 _2AGRIS
_n0
_cANA
999 _c191456
_d191456